[Event "Wroclaw"]
[Site "?"]
[Date "2020.08.25"]
[Round "7.3"]
[White "Mis, Mieszko"]
[Black "Majocha, Piotr"]
[Result "1-0"]
[BlackElo "1822"]
[WhiteElo "2258"]
[LiveChessVersion "1.4.8"]

1. d4 {[%clk 0:15:19]} Nf6 {[%clk 0:15:19]} 2. c4 {[%clk 0:15:27]} g6
{[%clk 0:15:28]} 3. Nc3 {[%clk 0:15:30]} d5 {[%clk 0:15:36]} 4. Nf3
{[%clk 0:15:13]} Bg7 {[%clk 0:15:44]} 5. Bf4 {[%clk 0:15:19]} O-O
{[%clk 0:15:17]} 6. Rc1 {[%clk 0:15:27]} c6 {[%clk 0:14:29]} 7. e3
{[%clk 0:15:28]} Bf5 {[%clk 0:13:01]} 8. Qb3 {[%clk 0:14:03]} b6 {[%clk 0:11:21]}
9. cxd5 {[%clk 0:13:49]} cxd5 {[%clk 0:11:13]} 10. Ne5 {[%clk 0:13:06]} Be6
{[%clk 0:08:27]} 11. Be2 {[%clk 0:12:04]} Ne4 {[%clk 0:07:34]} 12. Nb5
{[%clk 0:10:35]} Bxe5 {[%clk 0:06:51]} 13. Bxe5 {[%clk 0:09:58]} Nd7
{[%clk 0:05:49]} 14. Bc7 {[%clk 0:10:00]} Qc8 {[%clk 0:03:30]} 15. f3
{[%clk 0:10:00]} Nd6 {[%clk 0:03:06]} 16. Kf2 {[%clk 0:05:42]} Nxb5
{[%clk 0:02:51]} 17. Qxb5 {[%clk 0:05:09]} Qb7 {[%clk 0:02:40]} 18. Qa6
{[%clk 0:04:39]} Qxa6 {[%clk 0:02:19]} 19. Bxa6 {[%clk 0:04:47]} Nf6
{[%clk 0:02:20]} 20. Bb7 {[%clk 0:04:34]} Rae8 {[%clk 0:02:29]} 21. Be5
{[%clk 0:03:45]} Bc8 {[%clk 0:01:50]} 22. Bc6 {[%clk 0:02:52]} Bd7
{[%clk 0:01:55]} 23. Bxf6 {[%clk 0:02:48]} Bxc6 {[%clk 0:02:04]} 24. Bxe7
{[%clk 0:02:24]} Rxe7 {[%clk 0:02:13]} 25. Rxc6 {[%clk 0:02:33]} Rfe8
{[%clk 0:02:22]} 26. Re1 {[%clk 0:02:42]} Rd7 {[%clk 0:02:15]} 27. Rec1
{[%clk 0:02:31]} f5 {[%clk 0:02:02]} 28. Rc7 {[%clk 0:02:20]} Ree7
{[%clk 0:02:10]} 29. Rxd7 {[%clk 0:02:19]} Rxd7 {[%clk 0:02:19]} 30. Ke2
{[%clk 0:02:27]} Kf7 {[%clk 0:02:23]} 31. Kd3 {[%clk 0:02:33]} Re7
{[%clk 0:02:02]} 32. Rc6 {[%clk 0:02:33]} Rd7 {[%clk 0:01:57]} 33. h3
{[%clk 0:01:51]} Ke7 {[%clk 0:01:57]} 34. g4 {[%clk 0:01:54]} fxg4
{[%clk 0:02:01]} 35. hxg4 {[%clk 0:02:03]} Rb7 {[%clk 0:01:35]} 36. e4
{[%clk 0:02:04]} dxe4+ {[%clk 0:01:40]} 37. fxe4 {[%clk 0:02:12]} Kf7 38. e5
{[%clk 0:02:16]} Ke7 {[%clk 0:01:19]} 39. d5 {[%clk 0:02:16]} 1-0

[Event "Wroclaw"]
[Site "?"]
[Date "2020.08.25"]
[Round "7.4"]
[White "Sanz Wawer, Daniel"]
[Black "Godzwon, Iwo"]
[Result "0-1"]
[BlackElo "2278"]
[WhiteElo "2220"]
[LiveChessVersion "1.4.8"]

1. Nf3 Nf6 2. g3 g6 3. Bg2 Bg7 4. O-O d5 5. d4 O-O 6. c4 dxc4 7. Na3 c3 8. bxc3
c5 9. Ne5 Nfd7 10. Nac4 Nxe5 11. Nxe5 Nc6 12. Nxc6 bxc6 13. e3 Ba6 14. Re1 Qa5
15. Bd2 Rfc8 16. Qc2 Bc4 17. Bf1 Qa6 18. Qb3 Bxf1 19. Rxf1 Rab8 20. Qc2 cxd4 21.
exd4 c5 22. Bf4 Ra8 23. Qe4 cxd4 24. cxd4 e6 25. Be5 Qc6 26. Qe2 Qc2 27. Qe3 Qc3
28. Qf4 Bxe5 29. dxe5 Rc4 30. Qg5 Re4 31. Rfd1 Qxe5 32. Rd8+ Rxd8 33. Qxd8+ Kg7
34. Rb1 Qd4 35. Qxd4+ Rxd4 36. Rb3 Ra4 37. a3 g5 38. h3 h5 39. Kg2 h4 40. Kf3 Kg6
41. Rc3 f5 42. Kg2 hxg3 43. Kxg3 Kf6 44. Kg2 Ke5 45. Re3+ Kf6 46. Rb3 Ra6 47. Re3
e5 48. Rc3 e4 49. Kg3 Rd6 50. Kg2 Rd2 51. Kg1 Rd3 52. Rc6+ Ke5 53. Ra6 Rxh3 54.
Rxa7 Kf4 55. a4 Ra3 56. Ra5 Kg4 57. Kg2 Ra2 58. Kg1 f4 59. Re5 Kf3 60. Rxg5 Ra1+
61. Kh2 Kxf2 62. a5 e3 63. a6 Rxa6 0-1

[Event "Wroclaw"]
[Site "?"]
[Date "2020.08.25"]
[Round "7.5"]
[White "Kozak, Antoni"]
[Black "Galuszka, Tomasz"]
[Result "1/2-1/2"]
[BlackElo "1854"]
[WhiteElo "2270"]
[LiveChessVersion "1.4.8"]

1. e4 c6 2. d4 d5 3. exd5 cxd5 4. Bd3 Nc6 5. c3 Qc7 6. h3 Nf6 7. Nf3 g6 8. O-O
Bf5 9. Ne1 Bg7 10. Bxf5 gxf5 11. Nd3 e6 12. Bf4 Qe7 13. Nd2 Ne4 14. f3 Nxd2 15.
Qxd2 O-O 16. Kh2 Kh8 17. g4 Qf6 18. Bg5 Qg6 19. h4 f6 20. Be3 fxg4 21. Rg1 e5 22.
Rxg4 Qh5 23. Qf2 Ne7 24. dxe5 fxe5 25. Bc5 Qxg4 26. fxg4 Rxf2+ 27. Bxf2 Nc6 28.
Bg3 Kg8 29. Rd1 b6 30. Kg2 Kf7 31. Ne1 Ke6 32. Nf3 h6 33. Re1 Rf8 34. h5 Bf6 35.
Bh4 e4 36. Kg3 Be5+ 37. Nxe5 Nxe5 38. Kh3 Rf3+ 39. Bg3 Nd3 40. Rg1 Kf6 41. Kh4
Nf4 42. Bxf4 Rxf4 43. Rd1 Ke5 44. Re1 Rf2 45. g5 Rf4+ 46. Kg3 hxg5 47. Rh1 Rh4
48. Rf1 Rxh5 49. Rf7 Rh6 50. Rxa7 Re6 51. Rg7 Kf6 52. Rh7 e3 53. Rh6+ Kf5 1/2-1/2

[Event "Wroclaw"]
[Site "?"]
[Date "2020.08.25"]
[Round "7.6"]
[White "Pytel, Maciej"]
[Black "Szpar, Milosz"]
[Result "1-0"]
[BlackElo "2262"]
[WhiteElo "1862"]
[LiveChessVersion "1.4.8"]

1. e4 {[%clk 0:15:16]} c5 {[%clk 0:15:09]} 2. Nc3 {[%clk 0:15:25]} Nc6
{[%clk 0:15:15]} 3. g3 {[%clk 0:15:32]} g6 {[%clk 0:15:22]} 4. Bg2
{[%clk 0:15:41]} Bg7 {[%clk 0:15:27]} 5. d3 {[%clk 0:15:49]} Rb8 {[%clk 0:15:22]}
6. Be3 {[%clk 0:15:57]} d6 {[%clk 0:15:30]} 7. Qd2 {[%clk 0:16:05]} b5
{[%clk 0:15:31]} 8. Nge2 {[%clk 0:15:45]} b4 {[%clk 0:15:30]} 9. Nd1
{[%clk 0:15:53]} e5 {[%clk 0:15:21]} 10. O-O {[%clk 0:15:39]} h5 {[%clk 0:15:24]}
11. h4 {[%clk 0:15:07]} Nh6 {[%clk 0:14:16]} 12. f3 {[%clk 0:14:41]} a5
{[%clk 0:13:15]} 13. c3 {[%clk 0:14:13]} Ba6 {[%clk 0:12:43]} 14. Nf2
{[%clk 0:13:57]} f5 {[%clk 0:11:07]} 15. Bg5 {[%clk 0:13:44]} Qd7
{[%clk 0:09:52]} 16. exf5 {[%clk 0:13:27]} Nxf5 {[%clk 0:08:51]} 17. Ne4
{[%clk 0:13:19]} Qe6 {[%clk 0:07:16]} 18. f4 {[%clk 0:12:06]} O-O
{[%clk 0:06:56]} 19. c4 {[%clk 0:11:47]} Kh8 {[%clk 0:06:35]} 20. fxe5
{[%clk 0:11:55]} Nxe5 {[%clk 0:05:53]} 21. Nf4 {[%clk 0:11:45]} Qd7
{[%clk 0:05:22]} 22. Bh3 {[%clk 0:05:01]} Bb7 {[%clk 0:04:03]} 23. Rae1
{[%clk 0:04:31]} Rbe8 {[%clk 0:03:55]} 24. Kh2 {[%clk 0:04:27]} Kg8
{[%clk 0:03:27]} 25. b3 {[%clk 0:03:45]} a4 {[%clk 0:03:27]} 26. Qd1
{[%clk 0:02:12]} axb3 {[%clk 0:03:19]} 27. axb3 {[%clk 0:02:21]} Bc8
{[%clk 0:02:21]} 28. Nd5 {[%clk 0:02:09]} Re6 {[%clk 0:02:00]} 29. Nf4
{[%clk 0:01:45]} Ree8 {[%clk 0:01:56]} 30. Nd5 {[%clk 0:01:54]} Re6
{[%clk 0:01:47]} 31. Nf4 {[%clk 0:01:04]} Re7 {[%clk 0:01:38]} 32. Bxe7
{[%clk 0:00:57]} Qxe7 {[%clk 0:01:47]} 33. Nd5 {[%clk 0:01:06]} Qa7
{[%clk 0:01:27]} 34. Rf2 {[%clk 0:00:49]} Kh8 {[%clk 0:00:59]} 35. Ref1
{[%clk 0:00:49]} Kg8 {[%clk 0:00:44]} 36. Kg1 {[%clk 0:00:52]} Qa6
{[%clk 0:00:34]} 37. Bxf5 {[%clk 0:00:54]} Bxf5 {[%clk 0:00:31]} 38. Ne7+
{[%clk 0:01:02]} 1-0

[Event "Wroclaw"]
[Site "?"]
[Date "2020.08.25"]
[Round "7.7"]
[White "Kulesza, Andrzej"]
[Black "Psyk, Radoslaw"]
[Result "1/2-1/2"]
[BlackElo "2236"]
[WhiteElo "1717"]
[LiveChessVersion "1.4.8"]

1. e4 {[%clk 0:15:17]} c5 {[%clk 0:15:05]} 2. Nf3 {[%clk 0:15:23]} e6
{[%clk 0:15:14]} 3. d4 {[%clk 0:15:31]} cxd4 {[%clk 0:15:22]} 4. Nxd4
{[%clk 0:15:39]} Nc6 {[%clk 0:15:10]} 5. Nc3 {[%clk 0:15:47]} Nf6
{[%clk 0:14:57]} 6. Ndb5 {[%clk 0:15:51]} Bb4 {[%clk 0:14:55]} 7. a3
{[%clk 0:16:00]} Bxc3+ {[%clk 0:15:04]} 8. Nxc3 {[%clk 0:16:08]} d5
{[%clk 0:15:12]} 9. exd5 {[%clk 0:16:16]} exd5 {[%clk 0:15:21]} 10. Bd3
{[%clk 0:16:25]} O-O {[%clk 0:15:28]} 11. O-O {[%clk 0:16:32]} d4
{[%clk 0:15:28]} 12. Ne2 {[%clk 0:16:39]} Bg4 {[%clk 0:15:36]} 13. Bg5
{[%clk 0:16:44]} h6 {[%clk 0:15:45]} 14. Bh4 {[%clk 0:16:34]} Bxe2
{[%clk 0:08:48]} 15. Qxe2 {[%clk 0:16:22]} Re8 {[%clk 0:08:57]} 16. Qd1
{[%clk 0:16:24]} Ne5 {[%clk 0:08:29]} 17. Re1 {[%clk 0:16:21]} Qb6
{[%clk 0:08:31]} 18. Bxf6 {[%clk 0:15:14]} Qxf6 {[%clk 0:08:32]} 19. Re4
{[%clk 0:15:05]} Nxd3 {[%clk 0:05:08]} 20. Rxe8+ {[%clk 0:15:09]} Rxe8
{[%clk 0:05:16]} 21. Qxd3 {[%clk 0:15:17]} Qb6 {[%clk 0:05:08]} 22. b4
{[%clk 0:15:17]} a5 {[%clk 0:01:40]} 23. c3 {[%clk 0:13:57]} dxc3
{[%clk 0:00:54]} 24. Qxc3 {[%clk 0:14:05]} a4 {[%clk 0:00:52]} 25. h3
{[%clk 0:13:09]} Qe6 {[%clk 0:00:46]} 26. Qc2 {[%clk 0:12:08]} b5
{[%clk 0:00:39]} 27. Rc1 {[%clk 0:11:55]} Qd6 {[%clk 0:00:38]} 28. Rd1
{[%clk 0:11:36]} Qe6 {[%clk 0:00:35]} 29. Rc1 {[%clk 0:11:43]} Rd8
{[%clk 0:00:34]} 30. Qc7 {[%clk 0:11:04]} Re8 {[%clk 0:00:30]} 31. Qc2
{[%clk 0:10:58]} g6 {[%clk 0:00:36]} 32. Qd2 {[%clk 0:10:56]} Kg7
{[%clk 0:00:30]} 33. Qd3 {[%clk 0:10:57]} Qe5 {[%clk 0:00:21]} 34. Qc3
{[%clk 0:10:45]} Qxc3 {[%clk 0:00:21]} 35. Rxc3 {[%clk 0:10:54]} Re1+
{[%clk 0:00:30]} 36. Kh2 {[%clk 0:11:01]} Ra1 {[%clk 0:00:38]} 37. Rc5
{[%clk 0:11:07]} Rxa3 {[%clk 0:00:47]} 38. Rxb5 {[%clk 0:11:16]} Kf6
{[%clk 0:00:51]} 39. Ra5 {[%clk 0:11:23]} Ke6 {[%clk 0:00:37]} 40. f3
{[%clk 0:11:31]} h5 {[%clk 0:00:41]} 41. Kg3 {[%clk 0:11:39]} Ra2
{[%clk 0:00:49]} 42. h4 {[%clk 0:11:38]} a3 {[%clk 0:00:44]} 43. Kf4
{[%clk 0:11:31]} Kf6 {[%clk 0:00:19]} 44. Ra6+ {[%clk 0:11:28]} Kg7
{[%clk 0:00:21]} 45. g3 {[%clk 0:11:33]} Ra1 {[%clk 0:00:22]} 46. b5
{[%clk 0:11:40]} a2 {[%clk 0:00:25]} 47. b6 {[%clk 0:11:48]} Rb1 {[%clk 0:00:20]}
48. Rxa2 {[%clk 0:11:57]} Rb4+ {[%clk 0:00:28]} 49. Ke3 {[%clk 0:12:03]} Rb3+
{[%clk 0:00:36]} 50. Kf4 {[%clk 0:12:11]} Rb4+ {[%clk 0:00:45]} 51. Ke3
{[%clk 0:12:19]} Rxb6 {[%clk 0:00:53]} 52. Ra4 {[%clk 0:12:18]} Rb2
{[%clk 0:01:01]} 53. Kf4 {[%clk 0:12:24]} Re2 {[%clk 0:01:04]} 54. Ra7
{[%clk 0:12:20]} Re6 {[%clk 0:01:04]} 55. g4 {[%clk 0:12:25]} hxg4
{[%clk 0:01:00]} 56. fxg4 {[%clk 0:12:33]} Rb6 {[%clk 0:01:04]} 57. Ra4
{[%clk 0:12:28]} Rb1 {[%clk 0:01:11]} 58. Ra7 {[%clk 0:12:31]} Rf1+
{[%clk 0:01:15]} 59. Kg5 {[%clk 0:12:31]} Rc1 {[%clk 0:01:23]} 60. Rb7
{[%clk 0:12:30]} Rc5+ {[%clk 0:01:25]} 61. Kf4 {[%clk 0:12:38]} Rc4+
{[%clk 0:01:34]} 62. Kg5 {[%clk 0:12:46]} Ra4 {[%clk 0:01:29]} 63. Rc7
{[%clk 0:12:50]} Ra5+ {[%clk 0:01:18]} 64. Kf4 {[%clk 0:12:59]} Ra6
{[%clk 0:01:22]} 65. Kg5 {[%clk 0:13:02]} Rb6 {[%clk 0:01:29]} 66. Ra7
{[%clk 0:13:10]} Rb5+ {[%clk 0:01:37]} 67. Kf4 {[%clk 0:13:18]} Kf6
{[%clk 0:01:45]} 68. Ra6+ {[%clk 0:13:27]} Kg7 {[%clk 0:01:48]} 69. Ra7
{[%clk 0:13:26]} Rd5 {[%clk 0:01:38]} 70. Rb7 {[%clk 0:13:30]} Kf6
{[%clk 0:01:41]} 71. Rb6+ {[%clk 0:13:36]} Ke7 {[%clk 0:01:42]} 72. Rb7+
{[%clk 0:13:42]} Kf8 {[%clk 0:01:46]} 73. Rb8+ {[%clk 0:13:45]} Kg7
{[%clk 0:01:53]} 74. Rb7 {[%clk 0:13:48]} Ra5 {[%clk 0:01:59]} 75. Rc7
{[%clk 0:13:52]} Rb5 {[%clk 0:02:06]} 76. Ra7 {[%clk 0:13:58]} Kf6
{[%clk 0:02:08]} 77. Ra6+ {[%clk 0:14:04]} Kg7 {[%clk 0:02:17]} 78. Ra7
{[%clk 0:14:09]} Rb6 {[%clk 0:02:22]} 79. Kg5 {[%clk 0:14:13]} Rd6
{[%clk 0:01:33]} 80. Rb7 {[%clk 0:14:17]} Rd5+ {[%clk 0:01:28]} 81. Kf4
{[%clk 0:14:21]} Rc5 {[%clk 0:01:37]} 82. Ra7 {[%clk 0:14:25]} Rb5
{[%clk 0:01:07]} 83. Rc7 {[%clk 0:14:29]} Ra5 {[%clk 0:01:15]} 84. Rb7
{[%clk 0:14:33]} Ra2 {[%clk 0:01:11]} 85. Rc7 {[%clk 0:14:23]} Ra1
{[%clk 0:01:08]} 86. Rb7 {[%clk 0:14:28]} Ra6 {[%clk 0:01:15]} 87. Kg5
{[%clk 0:14:32]} Ra5+ {[%clk 0:01:20]} 88. Kf4 {[%clk 0:14:38]} Ra1
{[%clk 0:01:22]} 89. Rc7 {[%clk 0:14:42]} Ra3 {[%clk 0:01:13]} 90. Rb7
{[%clk 0:14:38]} Ra5 {[%clk 0:01:22]} 91. Rc7 {[%clk 0:14:41]} Ra4+
{[%clk 0:01:02]} 92. Kg5 {[%clk 0:14:40]} Rb4 {[%clk 0:00:55]} 93. Ra7
{[%clk 0:14:45]} Rb5+ {[%clk 0:01:03]} 94. Kf4 {[%clk 0:14:49]} Rb6
{[%clk 0:01:10]} 95. Kg5 {[%clk 0:14:54]} Rb5+ {[%clk 0:01:05]} 96. Kf4
{[%clk 0:14:59]} Rb1 {[%clk 0:01:09]} 97. Kg5 {[%clk 0:15:01]} Rd1
{[%clk 0:01:13]} 98. Rb7 {[%clk 0:15:05]} Rd5+ {[%clk 0:01:21]} 1/2-1/2

[Event "Wroclaw"]
[Site "?"]
[Date "2020.08.25"]
[Round "7.8"]
[White "Golenia, Jan"]
[Black "Radecki, Adam"]
[Result "1-0"]
[BlackElo "1769"]
[WhiteElo "2033"]
[LiveChessVersion "1.4.8"]

1. c4 {[%clk 0:15:17]} Nf6 {[%clk 0:15:17]} 2. Nc3 {[%clk 0:15:26]} c6
{[%clk 0:15:26]} 3. Nf3 {[%clk 0:15:28]} d5 {[%clk 0:15:35]} 4. cxd5
{[%clk 0:15:37]} cxd5 {[%clk 0:15:44]} 5. d4 {[%clk 0:15:47]} Nc6
{[%clk 0:15:52]} 6. Bg5 {[%clk 0:15:37]} e6 {[%clk 0:15:50]} 7. e3
{[%clk 0:15:36]} Be7 {[%clk 0:15:58]} 8. Bd3 {[%clk 0:15:32]} O-O
{[%clk 0:16:05]} 9. O-O {[%clk 0:15:40]} Bd7 {[%clk 0:16:13]} 10. Rc1
{[%clk 0:15:44]} Rc8 {[%clk 0:16:22]} 11. Bb1 {[%clk 0:15:24]} Qb6
{[%clk 0:16:17]} 12. Na4 {[%clk 0:14:12]} Qd8 {[%clk 0:15:32]} 13. Nc5
{[%clk 0:14:10]} b6 {[%clk 0:15:32]} 14. Nxd7 {[%clk 0:13:31]} Nxd7
{[%clk 0:15:35]} 15. Qd3 {[%clk 0:13:09]} f5 {[%clk 0:15:38]} 16. Bf4
{[%clk 0:12:13]} Nf6 {[%clk 0:15:13]} 17. Qb5 {[%clk 0:11:17]} Qd7
{[%clk 0:15:01]} 18. Bc2 {[%clk 0:10:56]} Qb7 {[%clk 0:14:15]} 19. Ng5
{[%clk 0:09:50]} a6 {[%clk 0:14:20]} 20. Qe2 {[%clk 0:09:11]} Nd8
{[%clk 0:14:25]} 21. Bd3 {[%clk 0:08:55]} b5 {[%clk 0:13:32]} 22. a4
{[%clk 0:08:25]} Ne4 {[%clk 0:13:22]} 23. Nf3 {[%clk 0:07:31]} Nc6
{[%clk 0:12:32]} 24. axb5 axb5 {[%clk 0:12:41]} 25. Bxb5 {[%clk 0:07:38]} Nb4
{[%clk 0:12:50]} 26. Ne5 {[%clk 0:07:16]} Nf6 {[%clk 0:12:02]} 27. Bg5
{[%clk 0:06:39]} Rb8 {[%clk 0:11:23]} 28. Ba4 {[%clk 0:06:33]} Rfd8
{[%clk 0:10:37]} 29. b3 {[%clk 0:05:55]} Ne4 {[%clk 0:09:19]} 30. Bf4
{[%clk 0:04:55]} Bd6 {[%clk 0:08:08]} 31. f3 {[%clk 0:04:47]} Nf6
{[%clk 0:08:10]} 32. Nc6 {[%clk 0:03:20]} Nxc6 {[%clk 0:07:58]} 33. Rxc6
{[%clk 0:03:28]} Ne8 {[%clk 0:07:41]} 34. Rfc1 {[%clk 0:02:20]} Rdc8
{[%clk 0:07:33]} 35. R6c2 {[%clk 0:00:15]} h6 {[%clk 0:05:39]} 36. Bxe8
{[%clk 0:00:24]} Rxc2 {[%clk 0:05:03]} 37. Rxc2 Bxf4 {[%clk 0:05:03]} 38. Bc6
{[%clk 0:00:42]} Qb6 {[%clk 0:04:49]} 39. exf4 {[%clk 0:00:17]} Qxd4+
{[%clk 0:04:47]} 40. Kf1 {[%clk 0:00:14]} e5 {[%clk 0:04:30]} 41. Rd2
{[%clk 0:00:15]} Qxf4 {[%clk 0:04:08]} 42. Bxd5+ {[%clk 0:00:19]} Kh8
{[%clk 0:04:17]} 43. g3 {[%clk 0:00:22]} Qb4 {[%clk 0:04:16]} 44. Kg2
{[%clk 0:00:29]} Rd8 {[%clk 0:04:20]} 45. Rd3 {[%clk 0:00:27]} Rc8
{[%clk 0:04:15]} 46. Bc4 {[%clk 0:00:36]} e4 {[%clk 0:04:20]} 47. fxe4
{[%clk 0:00:43]} fxe4 {[%clk 0:04:29]} 48. Qxe4 {[%clk 0:00:51]} Rf8
{[%clk 0:04:29]} 49. Qd5 {[%clk 0:00:46]} Qe1 {[%clk 0:04:05]} 50. Rf3
{[%clk 0:00:55]} Re8 {[%clk 0:03:59]} 51. Rf1 {[%clk 0:00:54]} Qe3
{[%clk 0:03:53]} 52. Rf2 {[%clk 0:01:00]} Qc3 {[%clk 0:03:53]} 53. Qf7
{[%clk 0:00:53]} Rd8 {[%clk 0:03:48]} 54. Qf3 {[%clk 0:00:57]} Qd4
{[%clk 0:03:52]} 55. Re2 {[%clk 0:00:56]} Qc5 {[%clk 0:03:52]} 56. Qe4
{[%clk 0:00:56]} Qd6 {[%clk 0:03:42]} 57. Rf2 {[%clk 0:00:33]} Qc5
{[%clk 0:03:46]} 58. Qe6 {[%clk 0:00:36]} Qd4 {[%clk 0:03:41]} 59. Qe7
{[%clk 0:00:30]} Rd7 {[%clk 0:03:19]} 60. Qe8+ {[%clk 0:00:33]} 1-0

[Event "Wroclaw"]
[Site "?"]
[Date "2020.08.25"]
[Round "7.9"]
[White "Grochol, Kamil"]
[Black "Lis, Mateusz"]
[Result "0-1"]
[BlackElo "1973"]
[WhiteElo "1711"]
[LiveChessVersion "1.4.8"]

1. e4 {[%clk 0:15:18]} c5 {[%clk 0:15:19]} 2. Nf3 {[%clk 0:15:26]} Nc6
{[%clk 0:15:28]} 3. d4 {[%clk 0:15:35]} cxd4 {[%clk 0:15:37]} 4. Nxd4
{[%clk 0:15:43]} Nf6 {[%clk 0:15:45]} 5. Nc3 {[%clk 0:15:52]} d6 {[%clk 0:15:53]}
6. Bg5 {[%clk 0:15:58]} e6 {[%clk 0:16:01]} 7. Bb5 {[%clk 0:15:38]} Bd7
{[%clk 0:15:48]} 8. Qd3 {[%clk 0:15:24]} Be7 {[%clk 0:14:35]} 9. O-O-O
{[%clk 0:14:51]} a6 {[%clk 0:13:20]} 10. Bxc6 {[%clk 0:14:33]} bxc6
{[%clk 0:13:28]} 11. Nb3 {[%clk 0:13:53]} Qc7 {[%clk 0:10:07]} 12. f4
{[%clk 0:11:27]} Rd8 {[%clk 0:06:59]} 13. Qxa6 {[%clk 0:08:53]} O-O
{[%clk 0:05:13]} 14. Qe2 {[%clk 0:06:11]} e5 {[%clk 0:04:23]} 15. Bxf6
{[%clk 0:04:47]} Bxf6 {[%clk 0:04:27]} 16. f5 {[%clk 0:04:53]} Bc8
{[%clk 0:00:44]} 17. h4 {[%clk 0:03:40]} Qe7 {[%clk 0:00:53]} 18. Kb1
{[%clk 0:02:39]} h6 {[%clk 0:00:52]} 19. Qf2 {[%clk 0:02:12]} Bb7
{[%clk 0:00:53]} 20. g4 {[%clk 0:01:57]} d5 {[%clk 0:00:42]} 21. Rdg1
{[%clk 0:01:47]} d4 {[%clk 0:00:35]} 22. Na4 {[%clk 0:01:56]} g5 {[%clk 0:00:22]}
23. Nac5 {[%clk 0:01:07]} Bc8 {[%clk 0:00:23]} 24. Nd3 Ba6 25. Nbc5
{[%clk 0:00:52]} Bxd3 {[%clk 0:00:40]} 26. Nxd3 {[%clk 0:00:55]} c5
{[%clk 0:00:49]} 27. Ne1 {[%clk 0:00:21]} c4 {[%clk 0:00:48]} 28. Nf3
{[%clk 0:00:29]} c3 {[%clk 0:00:57]} 29. Qe1 {[%clk 0:00:12]} cxb2
{[%clk 0:00:47]} 30. hxg5 {[%clk 0:00:19]} Qa3 {[%clk 0:00:40]} 31. gxf6
{[%clk 0:00:12]} Ra8 {[%clk 0:00:50]} 32. c4 {[%clk 0:00:11]} Qxa2+ 33. Kc2 0-1

[Event "Wroclaw"]
[Site "?"]
[Date "2020.08.25"]
[Round "7.10"]
[White "Pacan-Milej, Kosma"]
[Black "Warchol, Bartosz"]
[Result "1-0"]
[BlackElo "1704"]
[WhiteElo "2118"]
[LiveChessVersion "1.4.8"]

1. d4 {[%clk 0:15:18]} d5 {[%clk 0:15:14]} 2. c4 {[%clk 0:15:26]} dxc4
{[%clk 0:15:18]} 3. Nf3 {[%clk 0:15:32]} a6 {[%clk 0:15:21]} 4. e3
{[%clk 0:14:08]} e6 {[%clk 0:15:25]} 5. Bxc4 {[%clk 0:14:10]} c5 {[%clk 0:15:33]}
6. O-O {[%clk 0:14:14]} Nf6 {[%clk 0:15:41]} 7. b3 {[%clk 0:14:23]} b5
{[%clk 0:15:04]} 8. Be2 {[%clk 0:14:31]} Bb7 {[%clk 0:15:09]} 9. Bb2
{[%clk 0:14:39]} Nbd7 {[%clk 0:13:25]} 10. a4 {[%clk 0:14:47]} Qb6
{[%clk 0:12:50]} 11. axb5 {[%clk 0:14:28]} axb5 {[%clk 0:12:58]} 12. Rxa8+
{[%clk 0:14:35]} Bxa8 {[%clk 0:13:06]} 13. Nc3 {[%clk 0:13:23]} Bc6
{[%clk 0:12:14]} 14. Qd3 {[%clk 0:13:16]} b4 {[%clk 0:10:58]} 15. Na4
{[%clk 0:13:08]} Bxa4 {[%clk 0:08:29]} 16. bxa4 {[%clk 0:13:16]} Bd6
{[%clk 0:07:40]} 17. e4 {[%clk 0:10:33]} cxd4 {[%clk 0:07:03]} 18. Bxd4
{[%clk 0:10:40]} Bc5 {[%clk 0:06:49]} 19. a5 {[%clk 0:08:25]} Qa7
{[%clk 0:04:33]} 20. Rc1 {[%clk 0:03:43]} O-O {[%clk 0:03:55]} 21. a6
{[%clk 0:01:43]} Ra8 {[%clk 0:01:30]} 22. Bxc5 {[%clk 0:00:28]} Nxc5
{[%clk 0:01:37]} 23. Qd4 {[%clk 0:00:32]} Nfxe4 {[%clk 0:01:17]} 24. Qxb4
{[%clk 0:00:21]} h6 {[%clk 0:00:39]} 25. Qd4 {[%clk 0:00:19]} Rc8
{[%clk 0:00:15]} 26. h3 {[%clk 0:00:19]} Rc7 {[%clk 0:00:14]} 27. Ne5
{[%clk 0:00:14]} Nf6 {[%clk 0:00:11]} 28. Qd8+ {[%clk 0:00:12]} Kh7
{[%clk 0:00:19]} 29. Bd3+ {[%clk 0:00:16]} Nxd3 {[%clk 0:00:22]} 30. Qxd3+
{[%clk 0:00:24]} g6 {[%clk 0:00:28]} 31. Rxc7 {[%clk 0:00:22]} Qxc7
{[%clk 0:00:37]} 32. Qd4 {[%clk 0:00:30]} Nd5 {[%clk 0:00:13]} 33. a7
{[%clk 0:00:37]} Nb6 {[%clk 0:00:16]} 34. Nxf7 {[%clk 0:00:34]} Qc1+
{[%clk 0:00:11]} 35. Kh2 {[%clk 0:00:42]} Qc7+ {[%clk 0:00:16]} 36. g3
{[%clk 0:00:30]} g5 {[%clk 0:00:11]} 37. Qh8+ {[%clk 0:00:33]} Kg6
{[%clk 0:00:20]} 38. Qxh6+ {[%clk 0:00:41]} Kf5 {[%clk 0:00:23]} 39. Qxg5+
{[%clk 0:00:49]} Ke4 {[%clk 0:00:32]} 40. Qe3+ {[%clk 0:00:46]} Kf5
{[%clk 0:00:23]} 41. Nh6+ {[%clk 0:00:27]} Kg6 {[%clk 0:00:28]} 42. Ng4
{[%clk 0:00:31]} Qxa7 {[%clk 0:00:23]} 43. Qh6+ {[%clk 0:00:40]} Kf5
{[%clk 0:00:29]} 44. Qf4+ {[%clk 0:00:49]} Kg6 {[%clk 0:00:36]} 45. Qf6+
{[%clk 0:00:58]} Kh7 {[%clk 0:00:43]} 46. Qh6+ {[%clk 0:01:07]} Kg8
{[%clk 0:00:51]} 47. Nf6+ {[%clk 0:01:16]} Kf7 {[%clk 0:01:00]} 48. Qh7+
{[%clk 0:01:25]} Kxf6 {[%clk 0:01:08]} 49. Qxa7 {[%clk 0:01:33]} 1-0

[Event "Wroclaw"]
[Site "?"]
[Date "2020.08.25"]
[Round "7.11"]
[White "Musial, Tomasz"]
[Black "Skowron, Mateusz"]
[Result "1-0"]
[BlackElo "1544"]
[WhiteElo "1958"]
[LiveChessVersion "1.4.8"]

1. d4 {[%clk 0:15:18]} d5 {[%clk 0:15:19]} 2. c4 {[%clk 0:15:27]} c6
{[%clk 0:15:26]} 3. Nf3 {[%clk 0:15:35]} Nf6 {[%clk 0:15:35]} 4. e3
{[%clk 0:15:43]} a6 {[%clk 0:15:43]} 5. Bd3 {[%clk 0:15:40]} b5 {[%clk 0:15:41]}
6. b3 {[%clk 0:15:41]} Bg4 {[%clk 0:14:35]} 7. O-O {[%clk 0:15:27]} e6
{[%clk 0:14:39]} 8. h3 {[%clk 0:15:16]} Bh5 {[%clk 0:14:47]} 9. Nbd2
{[%clk 0:15:11]} Bd6 {[%clk 0:14:40]} 10. a4 {[%clk 0:14:46]} bxc4
{[%clk 0:13:36]} 11. bxc4 {[%clk 0:14:54]} Nbd7 {[%clk 0:12:48]} 12. Ba3
{[%clk 0:13:32]} Bxa3 {[%clk 0:10:48]} 13. Rxa3 {[%clk 0:13:40]} O-O
{[%clk 0:10:56]} 14. Qc2 {[%clk 0:11:22]} Bg6 {[%clk 0:09:29]} 15. Rb1
{[%clk 0:09:02]} Rb8 {[%clk 0:08:32]} 16. Rxb8 {[%clk 0:08:20]} Qxb8
{[%clk 0:08:22]} 17. Bxg6 {[%clk 0:07:51]} hxg6 {[%clk 0:08:23]} 18. Rb3
{[%clk 0:08:00]} Qa7 {[%clk 0:08:18]} 19. Qb1 {[%clk 0:07:08]} Rb8
{[%clk 0:08:14]} 20. Rxb8+ {[%clk 0:05:34]} Nxb8 {[%clk 0:07:37]} 21. a5
{[%clk 0:03:24]} Nbd7 {[%clk 0:07:13]} 22. c5 {[%clk 0:03:10]} Qc7
{[%clk 0:06:59]} 23. Qb4 {[%clk 0:03:17]} Ne8 {[%clk 0:04:00]} 24. Nb1
{[%clk 0:03:10]} Qc8 {[%clk 0:02:46]} 25. Nc3 {[%clk 0:02:57]} Nc7
{[%clk 0:02:24]} 26. Na4 {[%clk 0:03:02]} Nb5 {[%clk 0:02:13]} 27. Nb6
{[%clk 0:03:03]} Qc7 {[%clk 0:02:09]} 28. Ne1 {[%clk 0:02:44]} Nf6
{[%clk 0:01:12]} 29. Nd3 {[%clk 0:02:24]} Nd7 {[%clk 0:01:10]} 30. Qb2
{[%clk 0:02:20]} Kf8 {[%clk 0:01:00]} 31. Nb4 {[%clk 0:02:19]} Nb8
{[%clk 0:00:42]} 32. Qe2 {[%clk 0:01:51]} Qe7 {[%clk 0:00:28]} 33. Qg4
{[%clk 0:01:35]} Qd8 {[%clk 0:00:13]} 34. Qf4 {[%clk 0:01:32]} Kg8
{[%clk 0:00:13]} 35. g4 {[%clk 0:00:58]} Kf8 {[%clk 0:00:20]} 36. Qxb8 1-0